Saul, Israel's first king. (Record no. 3755)

000 -LEADER
fixed length control field 00824nam a2200229 a 4500
001 - CONTROL NUMBER
control field :::00001490$&:&@@
003 - CONTROL NUMBER IDENTIFIER
control field OkBaRHE
005 - DATE AND TIME OF LATEST TRANSACTION
control field 20000607103244.0
008 - FIXED-LENGTH DATA ELEMENTS--GENERAL INFORMATION
fixed length control field s1965 j 000 0 eng u
040 ## - CATALOGING SOURCE
Transcribing agency
100 1# - MAIN ENTRY--PERSONAL NAME
Personal name Lindsay, Gordon.
245 10 - TITLE STATEMENT
Title Saul, Israel's first king.
260 ## - PUBLICATION, DISTRIBUTION, ETC. (IMPRINT)
Place of publication, distribution, etc Dallas, TX., :
Name of publisher, distributor, etc Christ For The Nations
Date of publication, distribution, etc c1965
300 ## - PHYSICAL DESCRIPTION
Extent 32 p. ;
Dimensions 23 cm.
490 0# - SERIES STATEMENT
Series statement Through the Bible series, vol.18.
650 ## - SUBJECT ADDED ENTRY--TOPICAL TERM
Topical term or geographic name as entry element Bible Old Testament I Samuel
650 ## - SUBJECT ADDED ENTRY--TOPICAL TERM
Topical term or geographic name as entry element Saul.
942 ## - ADDED ENTRY ELEMENTS (KOHA)
Source of classification or shelving scheme
Koha item type Books
Copies
Date last seen Shelving location Source of classification or shelving scheme Barcode Copy number Damaged status Date acquired Price effective from Not for loan Lost status Koha item type Full call number Withdrawn status Permanent Location
2018-03-12General Stacks 14901 2010-04-142010-04-14  BooksBS 580 .S3L5 RHEMA Bible Training College
2018-03-12General Stacks 169582 2010-04-142010-04-14  BooksBS 580 .S3L5 RHEMA Bible Training College
2018-03-12General Stacks 169593 2010-04-142010-04-14  BooksBS 580 .S3L5 RHEMA Bible Training College